Педагогический кадровый ресурс современного вуза в контексте диверсификации образования; Мировая культура и язык: взгляд молодых исследователей; Ч. 3

Podrobná bibliografie
Parent link:Мировая культура и язык: взгляд молодых исследователей: материалы IX Российской научной конференции преподавателей, аспирантов, студентов вузов и учащихся старших классов альтернативных учебных заведений, Томск, 16-18 апреля 2009 г./ Томский политехнический университет (ТПУ), Электротехнический институт (ЭЛТИ).— , 2009
Ч. 3.— 2009.— С. 228-235
Hlavní autor: Ростовцева В. М. Вероника Михайловна
Jazyk:ruština
Vydáno: 2009
Témata:
Médium: MixedMaterials Kapitola
KOHA link:https://koha.lib.tpu.ru/cgi-bin/koha/opac-detail.pl?biblionumber=284223

MARC

LEADER 00000naa2a2200000 4500
001 284223
005 20260119134653.0
035 |a (RuTPU)RU\TPU\book\308363 
035 |a RU\TPU\book\308361 
090 |a 284223 
100 |a 20150212d2009 k y0rusy50 ca 
101 0 |a rus 
102 |a RU 
200 1 |a Педагогический кадровый ресурс современного вуза в контексте диверсификации образования  |f В. М. Ростовцева 
320 |a Библиогр.: с. 235 (2 назв.) 
461 0 |0 (RuTPU)RU\TPU\book\229829  |t Мировая культура и язык: взгляд молодых исследователей  |o материалы IX Российской научной конференции преподавателей, аспирантов, студентов вузов и учащихся старших классов альтернативных учебных заведений, Томск, 16-18 апреля 2009 г.  |o в 4 ч.  |f Томский политехнический университет (ТПУ), Электротехнический институт (ЭЛТИ)   |d 2009 
463 0 |0 (RuTPU)RU\TPU\book\229455  |t Ч. 3  |v С. 228-235  |d 2009 
610 1 |a труды учёных ТПУ 
700 1 |a Ростовцева  |b В. М.  |c лингвист  |c доцент Томского политехнического университета, кандидат педагогических наук  |f 1956-  |g Вероника Михайловна  |3 (RuTPU)RU\TPU\pers\24755  |9 10996 
801 1 |a RU  |b 63413507  |c 20150212 
801 2 |a RU  |b 63413507  |c 20150212  |g RCR 
942 |c BK